| 000 | 01019nam a22003497a 4500 | ||
|---|---|---|---|
| 001 | BR0100837 | ||
| 003 | BR-BrBNA | ||
| 005 | 20230928100806.0 | ||
| 007 | ta | ||
| 008 | 230509b bl.||||| |||| 00| 0 por d | ||
| 040 |
_aBR-BrBNA _bpor _cBiblioteca Nacional de Agricultura |
||
| 041 | _a(Por) | ||
| 072 |
_aF61; F04 _b2480 |
||
| 090 | _ 2480 BR0100837 | ||
| 100 | 1 | _aViegas, I. de J.M. | |
| 100 | 1 | _aCarvalho, J.G. de(eds.) | |
| 110 | 1 | _aEMBRAPA Amazonia Oriental, Belem, PA (Brasil) | |
| 245 | 1 | _aSeringueira; nutricao e adubacao no Brasil | |
| 260 | 3 |
_aBrasilia, DF (Brasil): _bEMBRAPA Comunicacao para Transferencia de Tecnologia, _c2000. |
|
| 300 | _a284 p. | ||
| 500 | _aSeveral bibliography; 34 illus.; 67 tables | ||
| 650 | _aSeringueira | ||
| 650 | _aNutricao Vegetal | ||
| 650 | _aAdubacao | ||
| 650 | _aClima | ||
| 650 | _aHeveicultura | ||
| 650 | _aDeficiencia Mineral | ||
| 650 | _aCalagem | ||
| 650 | _aResposta da Planta | ||
| 909 |
_a202309 _bLucia _c55 _dLucia Elande |
||
| 942 | _cBK | ||
| 999 |
_c62821 _d62821 |
||